000 00884nam a2200265Ia 4500
003 OSt
005 20220930064633.0
006 a|||||r|||| 00| 0
007 ta
008 220926b |||||||| |||| 00| 0 eng d
024 _a4507
037 _cTheses
040 _aCRL
_cCRL
_beng
041 _2eng
_aeng
100 _aKailash Chandra
_9108520
110 _aUniversity of Delhi. Faculty of Science. Department of Chemistry
_9519399
245 0 _aPreparation and characterization of some organometallic complexes of titanuum (IV)
260 _c1980
650 _aCHEMISTRY
700 _a Prof B S Garg Supervisor
700 _a Prof R P Singh Supervisor
_9520502
700 _aUniversity of Delhi. Faculty of Science. Department of Chemistry
_9519402
942 _cDIS
_2CC
999 _c858473
_d858473